| 000 | 03159cpcaa2200445 4500 | ||
|---|---|---|---|
| 001 | mm 78034173 | ||
| 003 | DLC | ||
| 005 | 20260227111625.0 | ||
| 007 | cr ||||||||||| | ||
| 008 | 780803|||||||||||| eng | ||
| 010 |
_amm 78034173 _bms 59000034 |
||
| 040 |
_aDLC _cDLC _dDLC _edacs |
||
| 072 | 7 |
_aR _2lcmd |
|
| 110 | 2 | _aNational Child Labor Committee (U.S.) | |
| 245 | 0 | 0 |
_aNational Child Labor Committee (U.S.) records, _f1904-1953 _g(bulk 1904-1934). |
| 300 |
_a7,000 _fitems. |
||
| 300 |
_a66 _fcontainers plus _a1 _foversize. |
||
| 300 |
_a36.4 _flinear feet. |
||
| 351 | _aArranged in 5 series. Series 1: Correspondence, Speeches, and Related Material, 1905-1943; Series 2: Reports of Investigation, 1904-1937; Series 3: Minutes, 1904-1945; Series 4: Proceedings of Annual Meetings and National Conferences of the National Child Labor Committee, 1905-1929; and Series 5: Scrapbooks and Printed Matter, 1907-1953. | ||
| 506 | 0 | _aOpen to research. | |
| 520 | 8 | _aCorrespondence, speeches, official records, reports, pamphlets, newspaper clippings, and scrapbooks containing form letters, press releases, and newspaper clippings concerning the work of the National Child Labor Committee in promoting the rights and education of children and youth in relation to labor. Includes reports on child labor conditions in various industries; minute books and proceedings of annual meetings and national conferences of the National Child Labor Committee and of the National Committee on Federal Aid to Education; correspondence (1905-1912) of Alexander Jeffrey McKelway, secretary for the Southern States of the National Child Labor Committee; and two letters from Franklin D. Roosevelt. | |
| 544 |
_3Photographs _etransferred to _aLibrary of Congress Prints and Photographs Division. |
||
| 545 | 1 | _aOrganization founded in 1904 and incorporated by an act of Congress in 1907 with the mission of promoting the rights and education of children and youth in relation to labor. | |
| 546 | _aCollection material in English. | ||
| 555 | 8 |
_aFinding aid available in the Library of Congress Manuscript Reading Room and at _uhttp://hdl.loc.gov/loc.mss/eadmss.ms012051 |
|
| 600 | 1 | 0 |
_aMcKelway, Alexander Jeffrey, _d1866-1918 _vCorrespondence. |
| 600 | 1 | 0 |
_aRoosevelt, Franklin D. _q(Franklin Delano), _d1882-1945 _vCorrespondence. |
| 650 | 0 |
_aChild labor _zSouthern States. |
|
| 650 | 0 |
_aChild labor _zUnited States. |
|
| 650 | 0 |
_aEducation _zUnited States _xFinance. |
|
| 650 | 0 |
_aFederal aid to education _zUnited States. |
|
| 651 | 0 |
_aUnited States _xSocial conditions _y20th century. |
|
| 710 | 2 |
_aNational Committee on Federal Aid to Education. _tNational Committee on Federal Aid to Education records. |
|
| 856 | 4 |
_3Finding aid _uhttp://hdl.loc.gov/loc.mss/eadmss.ms012051 |
|
| 856 | 4 |
_3Finding aid (PDF) _uhttp://hdl.loc.gov/loc.mss/eadmss.ms012051.3 |
|
| 999 |
_c39977 _d39977 |
||